A Modern Approach to Modelling Insurances on Two Lives

Saved in:
Bibliographic Details
Main Author: Bilíková, Mária, 1951-
Other Authors: Luffrum, Graham
Format: Book Chapter
Language:English
Tags: Add Tag
No Tags, Be the first to tag this record!

MARC

LEADER 00000naa$a2200000$$$4500
001 0062125
005 20240502083149.1
041 0 |a eng 
044 |a US 
245 1 0 |a A Modern Approach to Modelling Insurances on Two Lives  |c Mária Bilíková, Graham Luffrum 
100 1 |a Bilíková, Mária, 1951- 
700 1 |a Luffrum, Graham